Stranger Things - Quiz sur Holly - Statistiques

Statistiques générales
  • Ce quiz a été pris 238 fois
  • Le résultat moyen est 13 sur 23
Statistiques - réponses
Hint Réponse % Correct
Proches Nom de son frère Mike Wheeler
96%
Proches Nom de sa sœur Nancy Wheeler
96%
Faits de base Dans quelle ville vit-il ? Hawkins
95%
Saison 5 Quel monstre est en réalité derrière tout ça ? Vecna
94%
Faits de base Quel son nom complet ? Holly Wheeler
88%
Proches Nom du garçon qui l'embête Derek Turnbow
87%
Proches Nom de sa mère Karen Wheeler
86%
Saison 5 Nom de son ami "imaginaire" Mr. Quiproquo
83%
Proches Nom de son père Ted Wheeler
82%
Saison 5 Avec qui s'échappe-t-elle de souvenirs du monstre ? Max Mayfield
79%
Saison 5 Par qui est-elle kidnappé ? Un démogorgon
74%
Saison 5 Quel membre de sa famille essaye de la protéger lors de l'attaque
(rôle dans la famille) ?
Sa mère
67%
Faits de base Dans quel état vit-il ? Indiana
65%
Aléatoire Quelle est sa coupe de cheveux iconiques ? Deux couettes
59%
Saison 5 Où se trouve-t-elle physiquement ? Les abysses
47%
Saison 5 Quel surnom son frère lui donne-t-elle ? Holly l'Héroïque
45%
Saison 5 Où se trouve-t-elle mentalement ? Camazotz
43%
La série Actrice dans la série (saison 5) Nell Fisher
39%
Saison 5 Quel livre lit-elle ? Un raccourci dans le temps
11%
La série Actrices dans la série (saison 1-4) Anniston & Tinsley Price
4%
Saison 1 Que voit-elle dans la maison des Wheeler ? Les lumières qui clignotent
1%
Proches Nom de sa meilleure amie Mary
1%
Saison 5 Qui se cache en réalité derrière ce nom ? Henry Creel
0%
Aucun quiz correspondant
Distribution des résultats
% des personnes avec chaque résultat
Percentile par nombre de réponses
Votre historique - résultats
Vous n’avez pas pris ce quiz